| 000 | 01025cam a2200337 i 4500 | ||
|---|---|---|---|
| 999 |
_c200450810 _d69022 |
||
| 003 | TR-AnTOB | ||
| 005 | 20230720105921.0 | ||
| 007 | ta | ||
| 008 | 021128t20012001tu tur d | ||
| 020 |
_a9756877413 _q(paperback) |
||
| 040 |
_aDEUX _beng _erda _cTR-AnTOB |
||
| 041 | 0 | _atur | |
| 050 | 1 | 4 |
_aK2400 _b.H858 2001 |
| 090 |
_aK2400 _b.H858 2001 |
||
| 245 | 1 | 0 |
_aHukuk-ekonomi perspektifinden uluslararasi tahkim ve kamu hizmeti / _ceditör: Ali Ulusoy. |
| 250 | _aBirinci basım. | ||
| 264 | 1 |
_aAnkara : _bLiberte, _c2001. |
|
| 264 | 4 | _c© 2001. | |
| 300 |
_axi, 210 pages : _c20 cm |
||
| 336 |
_2rdacontent _atext _btxt |
||
| 337 |
_2rdamedia _aunmediated _bn |
||
| 338 |
_2rdacarrier _avolume _bnc |
||
| 490 | 0 |
_aLiberte Yayınları ; _v56 |
|
| 504 | _aBIB | ||
| 650 | 0 |
_aHukuk ve ekonomi _958106 |
|
| 650 | 7 |
_aKamu hukuku _2etuturkob _989764 |
|
| 650 | 0 |
_aHakemlik (İdare hukuku) _zTürkiye _958005 |
|
| 700 | 1 |
_aUlusoy, Ali _eeditor _973186 |
|
| 942 |
_2lcc _cBK |
||